La educacion de Margot Sanchez / (Record no. 24683)

MARC details
000 -LEADER
fixed length control field 01535pam a2200421 i 4500
001 - CONTROL NUMBER
control field sjds2264608
003 - CONTROL NUMBER IDENTIFIER
control field sjds
005 - DATE AND TIME OF LATEST TRANSACTION
control field 20200707111158.0
008 - FIXED-LENGTH DATA ELEMENTS--GENERAL INFORMATION
fixed length control field 190712s2019 nyu d 000 1 spa
010 ## - LIBRARY OF CONGRESS CONTROL NUMBER
LC control number 2019029611
020 ## - INTERNATIONAL STANDARD BOOK NUMBER
International Standard Book Number 9781984899057
Qualifying information (paperback)
Terms of availability $11.00
020 ## - INTERNATIONAL STANDARD BOOK NUMBER
International Standard Book Number 1984899058
Qualifying information (paperback)
040 ## - CATALOGING SOURCE
Transcribing agency sjds
041 1# - LANGUAGE CODE
Language code of text/sound track or separate title spa
Language code of original eng
100 1# - MAIN ENTRY--PERSONAL NAME
Personal name Rivera, Lilliam,
Relator term author.
240 10 - UNIFORM TITLE
Uniform title <a href="Education of Margot Sanchez.">Education of Margot Sanchez.</a>
Language of a work Spanish
245 13 - TITLE STATEMENT
Title La educacion de Margot Sanchez /
Statement of responsibility, etc. Lilliam Rivera ; traduccion de Eva Ibarzabal.
250 ## - EDITION STATEMENT
Edition statement Primera edicion Vintage Espanol.
260 ## - PUBLICATION, DISTRIBUTION, ETC. (IMPRINT)
Place of publication, distribution, etc. Nueva York :
Name of publisher, distributor, etc. Vintage Espanol, una division de Penguin Random House LLC,
Date of publication, distribution, etc. 2019.
264 #1 - PRODUCTION, PUBLICATION, DISTRIBUTION, MANUFACTURE, AND COPYRIGHT NOTICE
Place of production, publication, distribution, manufacture Nueva York :
Name of producer, publisher, distributor, manufacturer Vintage Espanol, una division de Penguin Random House LLC,
Date of production, publication, distribution, manufacture, or copyright notice 2019.
300 ## - PHYSICAL DESCRIPTION
Extent 272 pages ;
Dimensions 21 cm
336 ## - CONTENT TYPE
Content type term text
Content type code txt
Source rdacontent
337 ## - MEDIA TYPE
Media type term unmediated
Media type code n
Source rdamedia
338 ## - CARRIER TYPE
Carrier type term volume
Carrier type code nc
Source rdacarrier
521 1# - TARGET AUDIENCE NOTE
Target audience note 14-19
Source Brodart.
650 #0 - SUBJECT ADDED ENTRY--TOPICAL TERM
Topical term or geographic name as entry element Hispanic Americans
Form subdivision Juvenile fiction.
650 #1 - SUBJECT ADDED ENTRY--TOPICAL TERM
Topical term or geographic name as entry element Hispanic Americans
Form subdivision Fiction.
650 #1 - SUBJECT ADDED ENTRY--TOPICAL TERM
Topical term or geographic name as entry element Conduct of life
Form subdivision Fiction.
650 #1 - SUBJECT ADDED ENTRY--TOPICAL TERM
Topical term or geographic name as entry element Love
Form subdivision Fiction.
650 #1 - SUBJECT ADDED ENTRY--TOPICAL TERM
Topical term or geographic name as entry element Family life
Geographic subdivision New York (State)
-- New York
Form subdivision Fiction.
650 #1 - SUBJECT ADDED ENTRY--TOPICAL TERM
Topical term or geographic name as entry element Spanish language materials.
650 #0 - SUBJECT ADDED ENTRY--TOPICAL TERM
Topical term or geographic name as entry element Conduct of life
Form subdivision Juvenile fiction.
650 #0 - SUBJECT ADDED ENTRY--TOPICAL TERM
Topical term or geographic name as entry element Family life
Geographic subdivision New York (State)
-- New York
Form subdivision Juvenile fiction.
651 #1 - SUBJECT ADDED ENTRY--GEOGRAPHIC NAME
Geographic name Bronx (New York, N.Y.)
Form subdivision Fiction.
651 #0 - SUBJECT ADDED ENTRY--GEOGRAPHIC NAME
Geographic name Bronx (New York, N.Y.)
Form subdivision Juvenile fiction.
655 #7 - INDEX TERM--GENRE/FORM
Genre/form data or focus term Romance fiction.
Source of term lcgft
942 ## - ADDED ENTRY ELEMENTS (KOHA)
Koha item type Libro/Book
Holdings
Withdrawn status Lost status Damaged status Not for loan Home library Current library Date acquired Total Checkouts Full call number Barcode Date last seen Price effective from Koha item type
        Las Brisas 2 -- Satellite Las Brisas 2 -- Satellite 23/07/2020   JF 40102201 23/07/2020 23/07/2020 Libro/Book

Powered by Koha